[Event "Zuerich Chess Challenge"]
[Site "Zuerich"]
[Date "2014.02.02"]
[Round "4"]
[White "Aronian, Levon"]
[Black "Nakamura, Hikaru"]
[Result "1-0"]
[WhiteElo "2812"]
[BlackElo "2789"]
[Annotator "Krasenkow,M"]
[PlyCount "89"]
[EventDate "2014.01.30"]
[EventType "tourn"]
[EventRounds "5"]
[EventCountry "SUI"]
[EventCategory "22"]
[SourceTitle "CBM 159"]
[Source "ChessBase"]
[SourceDate "2014.03.17"]
[SourceVersion "1"]
[SourceVersionDate "2014.03.17"]
[SourceQuality "1"]

1. Nf3 Nf6 2. c4 g6 3. Nc3 Bg7 4. g3 d6 5. Bg2 O-O 6. O-O Nc6 7. d4 a6 8. h3
Rb8 9. e4 b5 10. d5 {This is a rare continuation in this well-known position.
Main lines:} (10. e5) (10. cxb5) 10... b4 (10... Na5 {is possible, too:} 11.
cxb5 axb5 12. b4 Nc4 13. Nd4 Bd7 14. a4 bxa4 15. b5 Nb6 16. Qd3 e6 (16... Ra8
17. Nc6 Bxc6 18. bxc6 Qc8 {0-1 (33) Matlakov,M (2668)-Ding,L (2680) St
Petersburg 2012} 19. Ra3 $44) 17. dxe6 fxe6 (17... Bxe6 $5 18. Nc6 Qe8 19. Nxb8
Bc4 20. Qb1 Bxf1 21. Kxf1 Qxb8 22. Nxa4 Nxa4 23. Rxa4 Nd7 $11) 18. Nxa4 Qe8 19.
Nxb6 Rxb6 20. Ra5 {1/2 (43) Navara,D (2702)-Fier,A (2572) Caleta 2014} e5 21.
Qc4+ Rf7 22. Qxc7 Rb8 23. Nc6 Rxb5 $1 24. Nd8 $1 Rxa5 25. Qxa5 Rf8 26. Nb7 Qb8
$13) 11. Ne2 Na5 12. Qc2 (12. e5 dxe5 13. Nxe5 Nd7 14. Nxd7 Bxd7 15. c5 c6 16.
Nf4 cxd5 17. Nxd5 e6 18. Nb6 Bb5 $36 {1/2 (56) Gervais,V (2275)-Laurent,B 
(2284) France 2003}) (12. Nfd4 $5 e5 (12... c5 $5 13. dxc6 e5 {may be more
appropriate}) 13. Nb3 $1 (13. dxe6 fxe6 14. Qc2 (14. b3 c5 15. Nc2 Bb7 16. Qd3
d5 17. cxd5 exd5 18. e5 Ne4 $36 {1-0 (82) Granda Zuniga,J (2475)-Howell,J 
(2400) Gausdal 1986}) 14... c5 15. Nb3 Nc6 16. Be3 Qc7 17. f4 e5 18. fxe5 Nxe5
$15 {1/2 (20) Baumgartner,H (2277)-Klundt,K (2405) Austria 2000}) 13... Nxc4
14. Qc2 Nb6 15. a3 bxa3 16. Rxa3 Bd7 17. Be3 Qc8 18. Na5 Ne8 19. Nc6 Bxc6 20.
dxc6 $14 {1-0 (50) Fominykh,M (2253)-Bodnaruk,A (2419) Moscow 2012}) 12... c6 (
12... c5 $5 13. Nf4 Nd7 14. Be3 (14. Re1 $6 b3 15. Qd3 {1/2 (72) Khismatullin,
D (2664)-Krylov,M (2490) Moscow 2012} Rb4 $1 16. Bd2 Bxb2 $1 17. Bxb4 cxb4 18.
Rab1 Nc5 19. Qd1 Bc3 20. axb3 Bxe1 21. Nxe1 Naxb3 22. Rxb3 Nxb3 23. Qxb3 a5 $17
{[%csl Ga5,Gb4]}) 14... b3 $13) 13. Nfd4 (13. Ned4 Bb7 (13... c5 14. Nb3 e5 15.
dxe6 Bxe6 16. Rd1 Nxb3 (16... Nxc4 17. Nxc5 Rc8 18. Nxe6 fxe6 19. Nd4 $14) 17.
axb3 Qb6 18. Bf4 $14 {0-1 (71) Gajewski,G (2637)-Jones,G (2638) Reykjavik ISL
2013}) 14. dxc6 Nxc6 15. Nxc6 Bxc6 16. Nd4 Ba8 17. Rd1 Qc7 18. Qe2 Nd7 19. b3
Nc5 20. Bb2 e6 $11 {1-0 (34) Gajewski,G (2653)-Moranda,W (2560) Poland 2013})
13... cxd5 $146 {[%mdl 32] Hardly a good idea. White keeps a strong knight on
d4, for which Black's control of the c5 square will hardly compensate.} (13...
c5 $5 14. Nb3 e6 15. Bf4 Nxb3 16. axb3 exd5 17. cxd5 Re8 18. Rfe1 h5 19. Kh2 h4
20. g4 {1-0 (59) Grachev,B (2668)-Morozevich,A (2722) Moscow RUS 2014} Qe7 $132
{[%cal Yf6d7]}) 14. exd5 Qc7 (14... e5 $142 15. dxe6 fxe6 16. Nb3 $14 {[%csl
Rd6,Re6]}) 15. b3 e5 {Black finally goes for hanging pawns but this is an
inferior version as White starts a queenside attack.} 16. dxe6 fxe6 17. a3 $1
bxa3 18. Bd2 Nb7 19. Rxa3 {[%csl Ra6]} e5 (19... Nc5 $2 20. b4) (19... Nd8 {
is too ugly; besides, White wins material by means of} 20. Ba5 Qc5 21. b4 $1
Rxb4 $8 22. Bxd8 ({or simply} 22. Bxb4) 22... Rxd8 23. Nc6) 20. Nc6 Ra8 (20...
Bf5 21. Qa2 Rbc8 22. Rxa6) 21. Nb4 (21. Nc3 {, bringing a more passive knight
to the dominant position on d5, was much stronger.}) 21... a5 22. Qa2 Bf5 23.
Nd5 Nxd5 24. Bxd5+ Kh8 25. b4 (25. g4 $5 Bd3 26. Be3 Rab8 27. Re1 $16) 25...
Bxh3 26. Rb1 Bf5 27. Rb2 Bd7 (27... Qc8 $1 {[%cal Yf5e6]} 28. bxa5 Nc5 $1 {
[%cal Yc5d3] (M.Notkin) was a better chance to create counterplay.}) 28. bxa5
Bc6 29. Nc3 Nc5 30. Be3 e4 31. a6 {Black has not enough compensation for this
strong passed pawn.} Nd3 (31... Rxa6 32. Rxa6 Nxa6 33. Qxa6 Bxc3 34. Rc2 Bxd5
35. cxd5 Qg7 36. Qxd6 $16 {[%csl Gd5]}) 32. Rb7 $1 Qc8 (32... Bxb7 33. axb7
Rab8 34. Nb5 Qd7 35. Ra8 $16 {was relatively better for Black}) 33. Nxe4 Bxd5
34. cxd5 Qg4 35. Rxd3 Qxe4 36. Rdb3 Qxd5 37. Qe2 $18 {[%csl Ga6]} Qc6 38. a7 d5
39. Rxg7 $1 {[%mdl 64] A final blow.} Kxg7 40. Bd4+ Kh6 (40... Kg8 41. Qe7 Rf7
42. Rb8+) (40... Kf7 41. Qe5 $18) 41. Qe3+ Kh5 42. g4+ Kh4 43. Qh6+ Kxg4 44.
Qh3+ Kf4 45. Rf3+ 1-0

[Event "Bundesliga 0405"]
[Site "Germany"]
[Date "2005.04.10"]
[Round "15.1"]
[White "Nikolic, Predrag"]
[Black "McShane, Luke J"]
[Result "1/2-1/2"]
[WhiteElo "2676"]
[BlackElo "2629"]
[Annotator "Meyer,CD"]
[PlyCount "143"]
[EventDate "2004.11.12"]
[EventType "team-tourn"]
[EventRounds "15"]
[EventCountry "GER"]
[SourceTitle "CBM 107"]
[Source "ChessBase"]
[SourceDate "2005.08.01"]
[SourceVersion "1"]
[SourceVersionDate "2005.08.01"]
[SourceQuality "1"]
[WhiteTeam "Solingen"]
[BlackTeam "Werder Bremen"]
[WhiteTeamCountry "GER"]
[BlackTeamCountry "GER"]

1. d4 Nf6 2. Nf3 g6 3. g3 Bg7 4. Bg2 O-O 5. O-O d6 6. c4 Nc6 7. Nc3 Rb8 8. h3
a6 9. e4 b5 10. e5 Nd7 ({Damit strebt Schwarz eine wesentlich schärfere
Gangart an als mit} 10... dxe5 11. dxe5 Qxd1 12. Rxd1 Nd7 {, z.B.} 13. e6 fxe6
14. cxb5 axb5 15. Bf4 (15. Be3 Nb6 16. Nd4 Nxd4 17. Bxd4 Bxd4 18. Rxd4 c5 19.
Rd2 Nc4 20. Rc2 Nd6 21. a4 bxa4 22. Rxa4 Rd8 23. Ra5 c4 24. Ne4 Nxe4 25. Bxe4
Rd1+ 26. Kg2 Rd4 27. Bf3 Bb7 28. Bxb7 Rxb7 29. Ra4 Kf7 30. Rcxc4 Rxc4 31. Rxc4
Rxb2 {remis/71, Johansen, D-McShane,L, Catalan Bay 2003}) 15... Nde5 16. Nxe5
Nxe5 {[= ECO (E2)]} 17. Rac1 c5 18. Be3 Nc4 19. Bxc5 Nxb2 20. Rd2 Bxc3 21. Rxc3
Na4 22. Rc1 Nxc5 23. Rxc5 Bb7 24. Rxb5 Bxg2 25. Rxb8 Rxb8 26. Kxg2 Ra8 27. Kf3
$14 {, remis/58, Nikolic,P-Acs,P, Tripoli 2004}) 11. cxb5 {eine alte
Spezialvariante von Nikolic} (11. e6 $5 fxe6 12. d5 $44 {ist vielleicht besser,
z.B.} exd5 13. cxd5 Na5 14. Nd4 Ne5 15. Nce2 Bd7 16. Nf4 Qc8 {[+/= ECO (E2)]}
17. Nde6 Rf7 18. Nxg7 Rxg7 19. b3 Rf7 20. Bb2 c5 21. Re1 Qc7 22. Nd3 Nxd3 23.
Qxd3 b4 24. Rac1 Qb6 25. Qe3 Re8 26. Rc2 Nb7 27. Qh6 Nd8 28. Rce2 Qc7 29. Be4
e5 30. dxe6 Nxe6 31. Bxg6 Bc8 32. Bxf7+ Qxf7 33. Re4 Nc7 34. Rxe8+ {1-0
Brynell,S-Ernst,T, Gothenburg 2004}) 11... axb5 12. Ng5 dxe5 13. Bxc6 exd4 14.
Nxb5 Rb6 15. Na7 Ra6 $5 {Erstaunlich, daß dieser durchaus auf der Hand
liegende Zug eine Neuerung ist. Jedenfalls bringt er Schwarz etwas
Erleichterung, und der versprengte Damenspringer wird über kurz oder lang
unweigerlich fallen, überdies wird Weiß seinen Fianchettoläufer vermissen. Mit
zwei Alternativen indes hat Nikolic gute Erfahrungen gemacht:} ({I} 15... Ba6 {
[%mdl 72]} 16. Re1 Nb8 17. Qa4 e5 18. Bg2 c5 19. b3 {[%cal Ra7c6]} h6 20. Ne4
Qc7 21. Ba3 Nd7 22. Rac1 Qxa7 23. Nxc5 $16 {1-0 Nikolic,P-Kotz,H, Rethymnon
2003}) ({II} 15... h6 16. Nf3 Ba6 17. Re1 Nb8 18. Be4 Qd7 19. b3 d3 20. Be3 c5
21. Bxc5 Qxa7 22. Rc1 Rd8 23. Re3 Nd7 24. Bxb6 Qxb6 25. Rc6 Qa7 26. Rxa6 Qxa6
27. Rxd3 $18 {Nikolic,P-Nunn,J, Wijk aan Zee 1982}) 16. Nxc8 Rxc6 17. Na7 Rb6
18. Qa4 Nb8 19. Qc4 c6 20. Re1 Ra6 21. Nc8 e5 22. Bf4 Qc7 23. Re4 $6 ({
Gekünstelt, nach dem besseren} 23. Ne7+ $142 Qxe7 24. Nf3 {und z.B.} Ra5 25.
Qxd4 f6 26. a4 $5 {mag Weiß leichten Vorteil haben.}) 23... h6 (23... Ra5 24.
Rae1) 24. Nf3 $2 ({McShane's Neuerung hat den erfahrenen Bosnier tatsächlich
in Verlegenheit gebracht, denn jetzt verpaßte dieser den letzten Moment, sich
von seiner Mehrfigur auskömmlich zu trennen und überspannte den Bogen. Richtig
war} 24. Ne7+ $142 Qxe7 25. Nf3 $13 {, z. B.} Ra5 (25... Qe6 26. Qxe6 fxe6 27.
Nxe5 g5 28. Bd2 c5 29. Nc4 Nd7 30. a4 Nb6) 26. Rae1 (26. Qxd4 $6 Rd5 27. Qc3 g5
) 26... Qe6 27. Qxe6 fxe6 28. Nxe5 g5 29. Bc1 Rf5 30. Nd3 Rf3 31. Rd1 Rxa2 32.
Kg2 Rf5 33. Rxe6) 24... exf4 $17 25. Ne7+ Kh7 26. gxf4 (26. g4 Qb7 27. Nxd4
Qxb2 $17) 26... Ra7 ({Schwarz hatte schon die angenehme Wahl, doch besser
gefallen: I} 26... Qb6 $142 $1 27. Nxd4 Qxb2) ({II} 26... c5 $5) 27. Nxd4 Qd7 (
27... Qb6 $6 28. Rae1 Rxe7 29. Rxe7 Qxd4 30. Qxd4 Bxd4 31. b4 $13) 28. Rae1 $6
(28. Ndxc6 $5 Nxc6 29. Qxc6 Qxh3 30. f5 Qh5 $5 31. Qc5 gxf5 32. Re3 Rfa8 $15 (
32... Qg5+ 33. Kh1 Rfa8 $15) 33. Qxf5+ Qxf5 34. Nxf5 Bxb2 35. Rd1 Rxa2 36. Rd6
Rg8+ 37. Kh1 Ra1+ 38. Kh2 Rg6) 28... Qxh3 29. f5 (29. Ndxc6 Nxc6 30. Nxc6 Qg4+
31. Kf1 Rc8 $1 $17 32. b4 (32. Nxa7 $4 Rxc4 33. Rxc4 Qd7 $19) (32. Re8 Rac7 33.
Rxc8 Qxc8 34. Rc1 Qh3+ 35. Kg1 Bxb2 $17) 32... Qf3 $1 33. Kg1 (33. b5 $4 Rxa2
34. Qxa2 Qh1+ 35. Ke2 Qxe4+) 33... Ra3 34. R1e3 Rxe3 35. fxe3 Rc7) 29... Qh5 $4
({Just in dem Moment, in dem es gilt, den Vorteil zu festigen, sah McShane
Gespenster. Allein richtig war} 29... Rxe7 $1 30. Rxe7 (30. fxg6+ Kxg6 $1 {
- vielleicht wurde dies von McShane übersehen? -} (30... fxg6 $4 31. Rxe7 Qg4+
32. Kf1 Qh3+ 33. Ke2 Qh5+ (33... Qg4+ 34. f3 Qg2+ 35. Kd3) (33... Rxf2+ 34.
Kxf2 Qh4+ 35. Kf3 Qf6+ 36. Nf5 Qxf5+ 37. Qf4) 34. Kd3 Rxf2 (34... Rd8 35. Rxg7+
$1 Kxg7 36. Re7+ Kh8 37. Rh7+ Kxh7 38. Qf7+ Kh8 39. Qf6+ Kh7 40. Qe7+) 35.
Rxg7+ $1 Kxg7 36. Ne6+ Kh7 37. Nf8+ Kg7 38. Qd4+ Kxf8 39. Qxf2+) {ist nach} 31.
Rxe7 Qg4+ 32. Kf1 Qxd4 33. Qc2+ f5 {Zugumstellung zu 30.Rxe7}) 30... Qg4+ 31.
Kf1 Qxd4 32. fxg6+ Kxg6 (32... fxg6 $4 33. Qxd4) 33. Qc2+ f5 $17 34. R1e3 Bf6
35. Rg3+ Bg5 36. Qe2 Nd7 37. Rd3 Qh4) 30. fxg6+ Kh8 (30... fxg6 31. Ne6 Re8 32.
Rh4 Qa5 (32... Qb5 33. Qxb5 cxb5 34. Ng5+ Kh8 35. Nxg6+ Kg8 36. Rxe8+) (32...
Qxh4 33. Qxh4 Raxe7 34. Ng5+ $18 Kg8 35. Rxe7 Rxe7 36. Qb4 Re8 37. Qb3+ Kh8 38.
Ne6 Bf6 39. a4) 33. b4 $18) 31. Ndf5 $1 $18 {Das Blatt hatte sich total
gewendet, und der Engländer saß vor einem Scherbenhaufen.} Nd7 32. Nxg7 Kxg7
33. Rh4 $2 ({Jeder sachverständige Kiebitz hatte nun} 33. Qd4+ Nf6 34. Qxa7
Nxe4 35. Rxe4 $18 {nebst Mehrfigur erwartet. Weiter hätte folgen können:} Rd8
$5 (35... Qg5+ 36. Kh2 Qh5+ 37. Kg3 Qg5+ 38. Rg4 Qe5+ 39. Kg2) 36. Rd4 $1 Re8
37. Rd3 $5 (37. Rd7 $5) 37... Qg5+ 38. Rg3 Rxe7 (38... Qxe7 39. Qd4+ (39. gxf7+
Kxf7 40. Qd4 Qe1+ 41. Kh2 Qe5 42. Qd7+ Kf8 43. Qxc6) 39... Qf6 (39... Qe5 40.
gxf7+ Kxf7 41. Qd7+ Re7 42. Qxc6) (39... f6 40. Re3 Qd8 41. Qa7+ Kxg6 42. Rg3+
Kf5 43. Qh7+) 40. gxf7+ Kxf7 41. Qd3) 39. Qd4+ Qe5 40. gxf7+ Kxf7 41. Qg4 {
und Schwarz ist in jedem Fall verloren.}) 33... Ne5 $1 {Bei knapp zehn
Sekunden für die restlichen Züge bis zur Zeitkontrolle, was schon manuell kaum
möglich schien, geschahen weitere Zeichen und Wunder!} 34. Rxh5 $2 (34. Rxe5 $1
Qxe5 35. Nxc6 Qe1+ 36. Kg2 Rd7 37. Nd4 $16 {/+- Nun saßen beiden Akteuren der
Zeitnotteufel im Nacken, und das Geschehen geriet völlig aus den Fugen.}) 34...
Nxc4 35. b3 (35. Rc5 Nxb2 36. Rxc6 Ra5 $5 $132 (36... fxg6 $2 37. Ree6) 37. Re3
(37. Kf1 Nd3 38. Re3 Nf4 39. gxf7 Rxf7 40. Rg3+ Kf8) 37... Rg5+ 38. Rg3 fxg6
39. Rxg6+ Rxg6 40. Rxg6+ Kf7 41. Rb6 $14) 35... Nd2 36. Re2 $6 (36. Rf5 Rxa2)
36... fxg6 (36... Rxa2) 37. Rc5 $2 (37. Nf5+ Kf6 38. Rh3 Rxa2 39. Nd6) 37...
Nf3+ $2 (37... Rxa2 $17 38. Kg2 Nxb3) 38. Kg2 Nd4 39. Re4 $2 (39. Nxc6 $16 Nxe2
40. Nxa7 Nf4+ 41. Kh2 Nd3 (41... Ne6 42. Rc2 Nd4 43. Rc7+) 42. Rc7+) 39... Re8
$4 (39... Rxa2 $1 40. Rxd4 Raxf2+ (40... Rfxf2+ 41. Kg3 Rg2+ $11) 41. Kg1 (41.
Kh3 $2 R8f3+ 42. Kh4 h5 43. Nxg6 Rh2+ 44. Kg5 Rg3+ 45. Kf5 Rxg6) 41... Rf1+ 42.
Kg2 R8f2+ 43. Kh3 Rf3+ 44. Kg2 $11) 40. Rxd4 $2 (40. Nf5+ gxf5 41. Rxe8 $18
Rxa2 42. Rd8 Nxb3 43. Rxc6) 40... Rexe7 41. Rxc6 Rxa2 42. Rdd6 $14 {Nach den
unglaublichen Zeitnotturbulenzen hatten sich die Wogen wieder geglättet, und
in dem anstehenden Doppelturm-Endspiel erobert Weiß zwar noch einen Bauern,
aber Schwarz kann sich behaupten.} g5 ({Oder auch} 42... h5 43. Rxg6+ Kf8 {
und z.B.} 44. b4 Rb2 45. Rcf6+ Rf7 46. Rxf7+ Kxf7 47. Rb6 h4 48. Rb8 h3+ 49.
Kg3 Rb3+ 50. f3 h2 $11 51. Kxh2 (51. Rh8 Rxb4 52. Rxh2) 51... Rxf3 52. Kg2 Rb3)
43. Rg6+ Kf8 44. Rxh6 Rf7 45. Rhf6 Rd2 46. b4 Rxf6 47. Rxf6+ Kg7 48. Rb6 Rd3
49. f3 Rc3 50. Re6 Rb3 51. Re4 Kg6 52. Kg3 Kf5 53. Rc4 Rb2 54. Rc5+ Kg6 55. Rb5
Kf6 56. Rb8 Kg6 57. b5 Rb4 58. Kf2 Rb3 59. b6 Kg7 60. Ke2 Kh7 61. b7 Kg7 {
In diesem bekannten Endspieltyp bleibt der schwarze König im
Sicherheitsbereich g7/h7, und Weiß kann keinen echten Fortschritt erzielen.}
62. Kd2 Rb1 63. Kd3 Rb4 64. Kc3 Rb1 65. Kc4 Rc1+ 66. Kd4 Rb1 67. Ke5 Rb5+ 68.
Ke6 Rb1 ({Der Verteidiger kann mit seinem Turm auf der b-Linie pendeln, sollte
aber stets in der Lage sein, wenn der weiße König Kontakt mit seinem b-Bauern
aufnimmt, sofort mit vertikalen Schachs zu stören, nicht zuletzt sollte der
Fauxpas} 68... Kh7 $4 69. Kf6 $18 {tunlichst vermieden werden.}) 69. Kf5 Rb5+
70. Kg4 Kh7 71. Kh5 Kg7 72. Kg4 1/2-1/2

[Event "EU-ch 5th"]
[Site "Antalya"]
[Date "2004.05.18"]
[Round "4"]
[White "Navara, David"]
[Black "Jobava, Baadur"]
[Result "1-0"]
[WhiteElo "2602"]
[BlackElo "2616"]
[Annotator "Stohl,I"]
[PlyCount "95"]
[EventDate "2004.05.15"]
[EventType "swiss"]
[EventRounds "13"]
[EventCountry "TUR"]
[SourceTitle "CBM 101"]
[Source "ChessBase"]
[SourceDate "2004.07.27"]
[SourceVersion "1"]
[SourceVersionDate "2004.07.27"]
[SourceQuality "1"]

1. d4 Nf6 2. Nf3 g6 3. c4 Bg7 4. Nc3 d6 5. g3 Nbd7 6. Bg2 e5 7. O-O O-O 8. b3
c6 9. e4 a6 {An interesting and tricky move, Black delays the resolving of the
central tension.} ({Jobava has certainly learned something about the line in
the previous 5 years:} 9... exd4 10. Nxd4 Re8 11. h3 Nc5 12. Re1 a5 13. Bf4 Bf8
$6 14. Qc2 Nfd7 15. Rad1 Qb6 16. Be3 Qc7 17. f4 Nf6 18. Bf2 Bd7 19. Nf3 Rad8
20. a3 Bc8 21. b4 axb4 22. axb4 Na6 23. Qb2 Nd7 24. Kh2 Nb6 25. Qb3 Be6 26. Bf1
$14 {[%csl Gb4,Gc4,Ge4,Gf4] ()[+],Stohl,I-Jobava,B/EU-chT Batumi/1999/}) 10.
Re1 ({More circumspect is} 10. h3 $142 {, now} Re8 11. Be3 {transposes into a
theoretical position, in which Black can again choose between} (11. d5 $5)
11... b5 $5 (11... exd4 12. Nxd4 Nc5 13. Qc2 Qe7 14. Rfe1 Bd7 $132) 12. dxe5
dxe5 13. Nd2 Bb7 14. Qe2 Bf8 15. a3 b4 16. axb4 $6 (16. Na4 $1 {/\} bxa3 17. c5
$36) 16... Bxb4 17. Na4 a5 18. Rfd1 Qe7 19. Rac1 Nc5 20. Nxc5 Bxc5 21. Nb1 Bxe3
22. Qxe3 Nd7 23. Nc3 Nc5 24. Rb1 Red8 25. Rxd8+ Rxd8 26. Bf1 Bc8 27. Na4 Ne6
$36 {Tregubov,P-Loginov,V/Moscow/1999/}) (10. dxe5 dxe5 11. Ba3 $5 Re8 12. Qd2
b5 13. Rfe1 bxc4 14. bxc4 Qa5 15. Bd6 Bf8 16. c5 Rd8 17. Bxf8 Rxf8 18. Rac1 Kg7
19. Qd6 Qxc5 20. Qxc5 Nxc5 21. Nxe5 Ng4 22. Nxg4 Bxg4 23. f3 Be6 24. Red1 Rfd8
25. Bf1 a5 26. Kf2 $14 {Dautov,R-Casper,T/BL9192/1992/}) 10... exd4 $5 (10...
b5 11. d5 cxd5 12. cxd5 Nb6 13. Bf1 Bd7 14. a4 Qc7 15. Bb2 bxa4 16. Nxa4 Nxa4
17. bxa4 Ng4 18. Ba3 f5 19. Ng5 Qa7 20. Ra2 f4 21. Ree2 Bh6 22. Ne6 fxg3 23.
hxg3 Rf3 24. Bxd6 Rc8 $13 {Annageldyev,O-Iuldachev,S/Ashkhabad/1996/}) 11. Nxd4
Ng4 $1 $132 {The point, now f2 is vulnerable and White's B won't get to its
ideal square on e3.} 12. Bb2 Nc5 13. Re2 $146 {[%mdl 8]} (13. h3 Ne5 14. Re3
Qb6 15. Qe2 a5 16. Rd1 a4 17. f4 axb3 $1 18. axb3 (18. fxe5 bxa2 19. exd6 Bxd4
20. Rxd4 Qxb2 21. Qxb2 a1=Q+ $13 {/=/+}) 18... Nxb3 $6 (18... Ned7 $1 $36) 19.
Nd5 $1 cxd5 20. Rxb3 Qc5 21. Rb5 Qa7 {Vaganian,R-Bronstein,D/Vilnius zt/1975/}
22. cxd5 $1 $16 {/\} Bd7 23. Kh2 $18) 13... Ne5 14. Rd2 b5 $6 (14... Qb6 $142
$132) 15. cxb5 (15. f4 $5 Qb6 $5 (15... Bg4 16. Qf1 $5 (16. Nce2 Qb6 $1 17. h3
Nf3+ 18. Bxf3 Bxf3 19. Nxf3 Bxb2 20. Rxb2 Nd3+ 21. Ned4 Nxb2 22. Qc2 $14) 16...
Qb6 17. fxe5 dxe5 18. Nxc6 $1 Qxc6 (18... Nxe4+ $2 19. Rf2 $18) 19. cxb5 $16)
16. fxe5 dxe5 17. Nxc6 Qxc6 18. Nd5 $36) 15... axb5 16. Nce2 $2 {This is too
soft, now Black consolidates his position and retains the more active pieces.}
(16. f4 $142 b4 (16... Bg4 17. Qf1 $16) (16... Qb6 17. fxe5 dxe5 18. Nxc6 $36)
17. fxe5 bxc3 18. Bxc3 dxe5 19. Nf5 Qb6 20. Ne7+ $14) 16... Qb6 17. h3 b4 18.
Nf4 Ba6 19. Rc1 Rfe8 $6 {Black underestimates White's tactical chances and
allows Navara to lash out.} (19... Rac8 $15) (19... Bb7 $15) (19... Ncd3 $2 20.
Nxd3 Nxd3 21. Rxd3 Bxd3 22. Rxc6 $1 $18) 20. Nxc6 $1 {[%mdl 64]} Nxc6 (20...
Qxc6 21. Rxd6 Qb5 22. Rd5 Rac8 23. Bd4 $44) 21. Bxg7 Kxg7 22. Rxd6 Rad8 (22...
Bb5 23. Qd5 (23. Rxc6 Bxc6 24. Qd4+ Kg8 25. Rxc5 Rad8 $15) 23... Ne6 24. Nxe6+
(24. Rcxc6 Bxc6 25. Rxc6 Nxf4 26. gxf4 Qb8 $13 {/=/+}) 24... Rxe6 25. Rxe6 fxe6
26. Qd7+ Kh8 27. Qxe6 $13 {/\} Rxa2 $2 28. Qf6+ Kg8 29. e5 $18) (22... Bb7 23.
Qc2 (23. Nd5 Qa7 24. Rxc6 Nxe4 $5 (24... Bxc6 25. Qd4+ Kh6 26. Rxc5 Bxd5 27.
exd5 $14 {[%csl Rh6] עh6}) 25. R6c2 Rad8 $44) 23... Ra5 24. Qb2+ $44 {White
has enough for the piece and can force a draw at will with} Kh6 25. Qd2 Kg7 26.
Qb2+ $11) 23. Rxd8 (23. Qd5 $5 Rxd6 24. Qxd6 Nxe4 25. Bxe4 Rxe4 26. Nd5 Qd4 27.
Qxc6 Re2 28. Qc5 Qxc5 29. Rxc5 Bb7 30. Rb5 Bc6 31. Rc5 Bb7 $11) 23... Rxd8 (
23... Nxd8 $2 24. Nd5 Qd6 25. Qd4+ $18) 24. Qc2 (24. Nd5 Qa7 25. Qd2 $5 $44)
24... Nd7 $2 {Black loses his way in the complications.} (24... Nd3 25. Nxd3
Nd4 26. Qd2 Qb5 27. Rc4 (27. Rd1 Qxd3 28. Qxd3 Bxd3 29. Rxd3 Ne2+ 30. Kf1 Rxd3
31. Kxe2 Rc3 $15 {/-/+}) 27... Qa5 28. Rc1 $5 $11 (28. Qxb4 Qxb4 29. Nxb4 Bxc4
30. bxc4 Rc8 $15 {/=})) 25. Nd5 $1 {Convincing enough, but White had also an
alternative solution} (25. Qxc6 {/\} Rc8 26. Ne6+ $1 Kh6 27. Nc7 $18) 25... Qd4
26. Qxc6 Rc8 27. Nc7 $18 Qd2 28. Bf1 Ne5 $6 (28... Bxf1 29. Rxf1 {[%cal Rc7e6,
Rc6d5] /\Ne6,Qd5} Rd8 30. Nd5 Qxa2 31. Qd6 $5 $18 {[%cal Rd6e7] /\Qe7}) 29.
Qxa6 Rd8 30. Qa7 $1 {[%cal Ra7e3,Rc7e6] /\Qe3,Ne6 The last accurate move,
White consolidates his material advantage.} Rd7 (30... Qxc1 31. Ne6+ $18) (
30... Nf3+ 31. Kg2 Ng5 32. Rc4 $18) 31. Qe3 {This is convincing enough, but
somewhat quicker was the attacking} (31. Ne8+ $142 $1 Kf8 32. Qc5+) 31... Qxe3
32. fxe3 Rd2 33. Bg2 Rxa2 34. Nd5 Rb2 35. Nxb4 Rxb3 36. Nc6 Nxc6 37. Rxc6 Rxe3
38. Kf2 Ra3 39. h4 Ra2+ 40. Kf3 Ra3+ 41. Kf4 Ra4 42. Bf1 f5 43. Bc4 fxe4 44.
Rc7+ Kh6 45. g4 g5+ 46. hxg5+ Kg6 47. Bf7+ Kg7 48. Bb3+ 1-0